000 00812nam a2200265 i 4500
003 DO-SdBNP
005 20250109142106.0
007 ta
008 250109b2001 dr ||||| |||| 00| 0 spa d
020 _a9993481750
040 _aDO-SdBNP
_bspa
_cBNPHU
_erda
041 1 7 _hsopa
082 4 _axxxx
_bC183i
_222
100 _aCamilo, Pedro,
_eautor
_4aut.
_97754
245 1 3 _aLa impecable visión de la inocencia /
_cPedro Camilo
264 4 _aSanto Domingo :
_bEditora Letra Gráfica,
_c©2001.
300 _a71 páginas ;
_c22 cm.
336 _atexto
_btxt
_2rdacontent
337 _asin mediación
_bn
_2rdamedia
338 _avolumen
_bnc
_2rdacarrier
500 _aIncluye datos biográficos del autor en la solapa de la cubierta
590 _aInventariado, 2025/BT
910 _aBtavárez
942 _2ddc
_cLBS1
999 _c58021
_d58021